01360nas a2200373 4500001001300000003000900013005001700022007000300039008003400042040005400076041000900130072000800139100002300147100001900170100001900189100002100208100001800229100001900247100001900266245019400285650001100479650002800490650001200518650001900530650002400549650002000573650001500593650001500608773013300623909004000756942001800796999001900814952015300833BR2015001265BR-BrBNA20231205125149.0ta230509b bl.|||p| |||| 00| 00por d aBR-BrBNAbporcBiblioteca Nacional de Agricultura a(Pt) aP101 aCantanhêde, S.M.1 aMedeiros, A.M.1 aFerreira, F.S.1 aFerreira, J.R.C.1 aAlves, L.M.C.1 aCutrim, M.V.J.1 aSantos, D.M.S.1 aUso de biomarcador histopatológico em brânquias de Centropomus undecimalis (Bloch, 1972)na avaliação da qualidade da água do Parque Ecológico Laguna da Jansen, São Luís - MA aROBALO aCENTROPOMUS UNDECIMALIS aLESÃO aHISTOPATOLOGIA aQUALIDADE DA ÁGUA aPARQUE ESTADUAL aLIMNOLOGIA aMARANHÃO0 tArquivo Brasileiro de Medicina Veterinária e Zootecnia (Brazil)xISSN 0102-0935g(Apr 2014), v. 66(2) p. 593-601wBR2015001265 a202311bLúciac55dLúcia Elande 2AGRISn0cANA c242979d242979 002AGRIS4071a41918b41918cPeriódicos Agrícolash(Apr 2014), v. 66(2) p. 593-601l0r2023-11-29t01yCRePortaria Interministerial nº 164/94